Читаем газету (Запись № 1667768)
[ простой вид ]
| 000 -МАРКЕР | |
|---|---|
| контрольное поле | 01327nam1a2200337 i 4500 |
| 001 - ИДЕНТИФИКАТОР ЗАПИСИ | |
| контрольное поле | RU\NLR\bibl\289521 |
| 005 - ИДЕНТИФИКАТОР ВЕРСИИ | |
| контрольное поле | 20260405094005.0 |
| 035 ## - ДРУГИЕ СИСТЕМНЫЕ НОМЕРА | |
| Идентификатор записи | (NLR Aleph) 000284921 |
| 100 ## - ДАННЫЕ ОБЩЕЙ ОБРАБОТКИ | |
| Данные общей обработки | 20020722g20019999e y0rusy50 ca |
| 101 0# - ЯЗЫК РЕСУРСА | |
| Язык текста, звукозаписи и т.д. | русский |
| -- | английский |
| 102 ## - СТРАНА ПУБЛИКАЦИИ ИЛИ ПРОИЗВОДСТВА | |
| Страна публикации | российская федерация |
| 105 ## - ПОЛЕ КОДИРОВАННЫХ ДАННЫХ: ТЕКСТОВЫЕ МАТЕРИАЛЫ, МОНОГРАФИЧЕСКИЕ | |
| Кодированные данные о монографическом текстовом документе | ||||j ||||| |
| 200 1# - ЗАГЛАВИЕ И СВЕДЕНИЯ ОБ ОТВЕТСТВЕННОСТИ | |
| Основное заглавие | Читаем газету |
| Параллельное заглавие | Reading the newspaper |
| Сведения, относящиеся к заглавию | Учеб. пособие по англ. яз. |
| Первые сведения об ответственности | З.Н. Волкова |
| Последующие сведения об ответственности | Ун-т Рос. акад. образования |
| Язык параллельного заглавия | английский |
| 210 ## - ПУБЛИКАЦИЯ, РАСПРОСТРАНЕНИЕ И ДР. | |
| Место издания, распространения и т.д. | М. |
| Имя издателя, распространителя и т. д. | Изд-во УРАО |
| Дата издания, распространения и т.д. | 2001 |
| 215 ## - ФИЗИЧЕСКАЯ ХАРАКТЕРИСТИКА | |
| Размеры | 21 |
| 300 ## - ОБЩИЕ ПРИМЕЧАНИЯ | |
| Текст примечания | Авт. также на англ. яз.: Z.N. Volkova |
| 463 #0 - УРОВЕНЬ ФИЗИЧЕСКОЙ ЕДИНИЦЫ | |
| Встроенное поле | 001284556 |
| 463 #0 - УРОВЕНЬ ФИЗИЧЕСКОЙ ЕДИНИЦЫ | |
| Встроенное поле | 001284580 |
| 463 #0 - УРОВЕНЬ ФИЗИЧЕСКОЙ ЕДИНИЦЫ | |
| Встроенное поле | 001286069 |
| 463 #0 - УРОВЕНЬ ФИЗИЧЕСКОЙ ЕДИНИЦЫ | |
| Встроенное поле | 001286068 |
| 510 1# - ПАРАЛЛЕЛЬНОЕ ЗАГЛАВИЕ | |
| Связь между полями | z33790 |
| Параллельное заглавие | Reading the newspaper |
| Язык заглавия | английский |
| 606 0# - НАИМЕНОВАНИЕ ТЕМЫ КАК ПРЕДМЕТ | |
| Наименование темы | Английский язык |
| Формальный подзаголовок | Учебные издания |
| Системный номер авторитетной/нормативной записи | 972309 |
| Идентификатор авторитетной/нормативной записи | RU\NLR\auth\6646032 |
| 686 ## - ИНДЕКСЫ ДРУГИХ КЛАССИФИКАЦИЙ | |
| Индекс | Ш143.21-93рус31 |
| 700 #1 - ИМЯ ЛИЦА - ПЕРВИЧНАЯ ОТВЕТСТВЕННОСТЬ | |
| Код отношения | Автор |
| Материалы, к которым относится поле | rus |
| Графика поля | Кириллица |
| Начальный элемент ввода | Волкова |
| Часть имени, кроме начального элемента ввода | З. Н. |
| Дополнения к именам, кроме дат | д-р филол. наук |
| Расширение инициалов личного имени | Злата Николаевна |
| Идентификатор авторитетной/нормативной записи | RU\NLR\auth\7732971 |
| Системный номер авторитетной/нормативной записи | 15979 |
| 790 #1 - ИМЯ ЛИЦА - АЛЬТЕРНАТИВНАЯ ФОРМА | |
| Код отношения | Автор |
| Материалы, к которым относится поле | eng |
| Графика поля | Латинская |
| Начальный элемент ввода | Volkova |
| Часть имени, кроме начального элемента ввода | Z. N. |
| Дополнения к именам, кроме дат | д-р филол. наук |
| Расширение инициалов личного имени | Zlata Nikolaevna |
| Идентификатор авторитетной/нормативной записи | RU\NLR\auth\7734811 |
| Системный номер авторитетной/нормативной записи | 17812 |
| 801 #0 - ИСТОЧНИК ЗАПИСИ | |
| Страна | российская федерация |
| Организация | NLR |
| Дата составления | 20020722 |
| Правила каталогизации | PSBO |
| 801 #1 - ИСТОЧНИК ЗАПИСИ | |
| Страна | российская федерация |
| Организация | NLR |
| Дата составления | 20020722 |
| 852 ## - МЕСТОНАХОЖДЕНИЕ И ШИФР ХРАНЕНИЯ | |
| Идентификатор организации | NLR |
| Шифр хранения (Call Number) | 2002-5/3936 |
| 942 ## - ДОПОЛНИТЕЛЬНЫЕ ЭЛЕМЕНТЫ ЗАПИСИ (АБИС) | |
| Тип экземпляра АБИС | Книга |
Нет доступных экземпляров.